000 00348nam a2200133Ia 4500
008 190216s9999||||xx |||||||||||||| ||und||
100 _a"Sathya Prakash, Tuli. Gd, Basu.Sk And Madan"
245 0 _aAdvanced Inorganic Chemistry
250 _a18th Ed.
260 _bS Chand & Co
_c2003
300 _a626
650 _aChemistry-Chemistry
942 _cBK
999 _c3012
_d3012